| 000 | 00942cam a22002535a 4500 | ||
|---|---|---|---|
| 001 | 15927458 | ||
| 005 | 20161102152233.0 | ||
| 008 | 090930t2010 nyua frb 001 0 eng d | ||
| 020 | _a9780415998567 | ||
| 020 | _a9780415998574 (pbk : alk. paper) | ||
| 040 |
_aDLC _cDLC _dYDX _dYDXCP _dCDX _dDLC _dEG-ScBUE _beng |
||
| 082 | 0 | 4 |
_a371.713 _222 _bCLI |
| 245 | 0 | 4 |
_aThe clinical practice of educational therapy : _ba teaching model / _cedited by Maxine Ficksman, Jane Utley Adelizzi. |
| 260 |
_aNew York : _bRoutledge / Taylor & Francis, _cc.2010. |
||
| 300 |
_axiii, 362 p. : _bill. ; _c25 cm. |
||
| 500 | _aIndex : p. 353-362. | ||
| 504 | _aIncludes bibliographical references. | ||
| 650 | 7 |
_aEducational psychology. _2BUEsh _95967 |
|
| 650 | 0 |
_aEducational psychologists _xIn-service training. _2BUEsh |
|
| 653 |
_bHHUUPPSS _cNovember2016 |
||
| 700 | 1 |
_aFicksman, Maxine, _eeditor. |
|
| 700 | 1 |
_aAdelizzi, Jane Utley, _eeditor. |
|
| 942 | _2ddc | ||
| 999 |
_c23010 _d22982 |
||